| 000 | 00395 a2200157 4500 | ||
|---|---|---|---|
| 001 | 61669 | ||
| 020 | _a8526249207 | ||
| 040 | _cAnchieta - Pituba | ||
| 240 | 1 | 0 |
_aConstruindo consciências 5ª série _lpor |
| 245 | 1 | 0 | _aConstruindo consciências 5ª série |
| 300 | _a269 | ||
| 362 | 0 | _a2003 | |
| 440 | 1 | _aScipione | |
| 650 | 4 | _aBIOLOGIA, CIÊNICAS DA VIDA (CIÊNCIAS NATURAIS) | |
| 942 | _cBK | ||
| 999 |
_c61669 _d61669 |
||